000 01674nam a2200397 i 4500
001 197454
003 ES-MaACL
005 20250805062633.0
007 ta
008 080328s1979 fr |||||| |000 ||fre|c
020 _a221300661X
_q(v. 1)
020 _a9782213014685
_q(v. 3)
035 _a(ES-BaCBU).b54183467
035 _a(OCoLC)865269127
040 _aES-BaCBU
_bcat
_cES-BaCBU
_dES-MaACL
080 _a929Mahler, Gustav
100 1 _aLa Grange, Henry-Louis de,
_d1924-
_eaut
_9240809
245 1 0 _aGustav Mahler :
_bchronique d'une vie /
_cHenry Louis de la Grange ; préface de Pierre Boulez
260 _aParis :
_bFayard,
_c1979-1984
300 _a3 v. : il. ;
_b22 cm
336 _2rdacontent
_atexto
337 _2rdamedia
_asin mediación
338 _2rdacarrier
_avolumen
505 8 _aConté: 1. Vers la gloire 1860-1900. 3. Le génie foudroyé 1907-1911
600 1 4 _aMahler, Gustav,
_d1860-1911
_2lemac
_975538
650 7 _aCompositores
_9165314
830 3 _aLa Bibliothèque des grands musiciens
_9240810
852 _aES-MaACL
_cDEPO1
_jA-15545
_hDonación: Fernando Codina Rodríguez
_pVol. I
_xEncuadernación cartoné con sobrecubierta
_9205892
852 _aES-MaACL
_cDEPO1
_jA-15546
_hDonación: Fernando Codina Rodríguez
_pVol. II
_xEncuadernación cartoné con sobrecubierta
_9205893
852 _aES-MaACL
_cDEPO1
_jA-15547
_hDonación: Fernando Codina Rodríguez
_pVol. III
_xEncuadernación cartoné con sobrecubierta
_9205894
903 _aCodina Rodríguez, Fernando
_ednr
_9238631
942 _n0
_cMONOGRAFIA
999 _c197454
_d197454